Digitalizácia lepšie naplánuje výrobné procesy

Spomaľovanie slovenskej ekonomiky. Tradičné fungovanie firiem - vývin, výroba, predaj - na ústupe. Dôležitosť digitalizácie a modernizácie. Podnikateľský trh potrebuje inovátorov.

Enregistré dans:
Détails bibliographiques
Format: Chapitre de livre
Langue:slovaque
Sujets:
Tags: Ajouter un tag
Pas de tags, Soyez le premier à ajouter un tag!

MARC

LEADER 00000naa a2200000 4500
001 0259002
005 20191016133442.4
041 0 |a slo 
044 |a SK 
245 1 0 |a Digitalizácia lepšie naplánuje výrobné procesy 
520 |a Spomaľovanie slovenskej ekonomiky. Tradičné fungovanie firiem - vývin, výroba, predaj - na ústupe. Dôležitosť digitalizácie a modernizácie. Podnikateľský trh potrebuje inovátorov. 
610 2 0 |a podnik 
610 2 0 |a výroba 
610 2 0 |a inovácia 
610 2 0 |a digitalizácia